Cleveland Browns Coaching Staff Since 2000 - Statistics

General Stats
  • This quiz has been taken 5 times
  • The average score is 12 of 110
Answer Stats
Hint Answer % Correct
2020 HC Kevin Stefanski
100%
2021 HC Kevin Stefanski
100%
2022 HC Kevin Stefanski
100%
2023 HC Kevin Stefanski
100%
2024 HC Kevin Stefanski
100%
2025 HC Kevin Stefanski
100%
2023 DC Jim Schwartz
75%
2024 DC Jim Schwartz
75%
2025 DC Jim Schwartz
75%
2025 OC Tommy Rees
50%
2018 OC* Freddie Kitchens
25%
2019 HC Freddie Kitchens
25%
2014 HC Mike Pettine
25%
2015 HC Mike Pettine
25%
2023 STC Ray Ventrone
25%
2024 STC Ray Ventrone
25%
2025 STC Ray Ventrone
25%
2000 DC Romeo Crennel
25%
2005 HC Romeo Crennel
25%
2006 HC Romeo Crennel
25%
2007 HC Romeo Crennel
25%
2008 HC Romeo Crennel
25%
2020 OC Alex Van Pelt
0%
2021 OC Alex Van Pelt
0%
2022 OC Alex Van Pelt
0%
2023 OC Alex Van Pelt
0%
2018 STC Amos Jones
0%
2018 DC* Blake Williams
0%
2012 OC Brad Childress
0%
2009 STC Brad Seely
0%
2010 STC Brad Seely
0%
2009 OC Brian Daboll
0%
2010 OC Brian Daboll
0%
2001 OC Bruce Arians
0%
2002 OC Bruce Arians
0%
2003 OC Bruce Arians
0%
2001 HC Butch Davis
0%
2002 HC Butch Davis
0%
2003 HC Butch Davis
0%
2004 HC Butch Davis
0%
2000 HC Chris Palmer
0%
2011 STC Chris Tabor
0%
2012 STC Chris Tabor
0%
2013 STC Chris Tabor
0%
2014 STC Chris Tabor
0%
2015 STC Chris Tabor
0%
2016 STC Chris Tabor
0%
2017 STC Chris Tabor
0%
2003 DC Dave Campo
0%
2004 DC Dave Campo
0%
2011 DC Dick Jauron
0%
2012 DC Dick Jauron
0%
2009 HC Eric Mangini
0%
2010 HC Eric Mangini
0%
2001 DC Foge Fazio
0%
2002 DC Foge Fazio
0%
2017 DC Gregg Williams
0%
2018 HC* Gregg Williams
0%
2018 DC Gregg Williams
0%
2016 HC Hue Jackson
0%
2016 OC Hue Jackson
0%
2017 HC Hue Jackson
0%
2017 OC Hue Jackson
0%
2018 HC Hue Jackson
0%
2018 OC Hue Jackson
0%
2006 OC* Jeff Davidson
0%
2001 STC Jerry Rosburg
0%
2002 STC Jerry Rosburg
0%
2003 STC Jerry Rosburg
0%
2004 STC Jerry Rosburg
0%
2005 STC Jerry Rosburg
0%
2006 STC Jerry Rosburg
0%
2014 DC Jim O’Neil
0%
2015 DC Jim O’Neil
0%
2020 DC Joe Woods
0%
2021 DC Joe Woods
0%
2022 DC Joe Woods
0%
2015 OC John DeFilippo
0%
2024 OC Ken Dorsey
0%
2014 OC Kyle Shanahan
0%
2000 STC Mark Michaels
0%
2005 OC Maurice Carthon
0%
2006 OC Maurice Carthon
0%
2008 DC Mel Tucker
0%
2019 STC Mike Priefer
0%
2020 STC Mike Priefer
0%
2021 STC Mike Priefer
0%
2022 STC Mike Priefer
0%
2013 OC Norv Turner
0%
2011 HC Pat Shurmur
0%
2011 OC Pat Shurmur
0%
2012 HC Pat Shurmur
0%
2000 OC Pete Carmichael
0%
2013 DC Ray Horton
0%
2016 DC Ray Horton
0%
2004 OC* Rob Chudzinski
0%
2007 OC Rob Chudzinski
0%
2008 OC Rob Chudzinski
0%
2013 HC Rob Chudzinski
0%
2009 DC Rob Ryan
0%
2010 DC Rob Ryan
0%
2019 DC Steve Wilks
0%
2007 STC Ted Daisher
0%
2008 STC Ted Daisher
0%
2004 HC* Terry Robiskie
0%
2004 OC Terry Robiskie
0%
2005 DC Todd Grantham
0%
2006 DC Todd Grantham
0%
2007 DC Todd Grantham
0%
2019 OC Todd Monken
0%
No matching quizzes found
Score Distribution
Percent of People with Each Score
Percentile by Number Answered
Your Score History
You have not taken this quiz